00769cam a22002654a 45000010005000000030006000050050017000110080041000280100017000690200018000860400023001040420014001270500015001410820014001561000031001702450041002012600040002423000045002824400031003275050007003585200082003655210018004475210018004656500020004839810FISKH20260311162715.0260226s2002 nyua b 000 0 eng  a 2001028912 a9780516274898 aDLCcDLCdDLCbeng apccalcac00aF1233 .W3300a394.269721 aWade, Mary Dodson eAuthor10aCinco de Mayo /cBy Mary Dodson Wade aNew York :bChildren's Press,c2003 a31 pages :bcolor illustrations ;c18 cm 0aRookie read-about holidays aN  aIntroduces young readers to the traditions and festivities of Cinco de Mayo. 8 a550 bLexile 8 aN bRaz-Plus  0aSeasonsvSpring